| 000 | 01202nam a2200241 i 4500 | ||
|---|---|---|---|
| 001 | 162062 | ||
| 003 | ES-MaACL | ||
| 005 | 20230906212423.0 | ||
| 008 | 991022s1884 sp |||| | spa d | ||
| 100 | 1 |
_aPicón, Jacinto Octavio, _d1852-1923 _991875 |
|
| 245 | 1 | 0 |
_aDe el teatro / _cmemoria leída por Jacinto Octavio Picón, secretario primero de la Sección de Literatura y Artes del Ateneo de Madrid el 5 de marzo de 1884. |
| 250 | _a2ª ed. | ||
| 260 |
_aMadrid : _b[s.n.], _c1884 ( _fEst. tip. de El Correo) |
||
| 300 |
_a27 p. ; _c23 cm. |
||
| 530 | _aDisponible en formato digital. | ||
| 610 | 2 | 4 |
_aAteneo de Madrid. _bSección de Literatura y Bellas Artes- _vMemorias. _9157397 |
| 650 | 4 |
_aTeatro (Género literario)- _xHistoria y crítica. _917365 |
|
| 710 | 2 |
_aAteneo de Madrid. _bSección de Literatura y Bellas Artes. _92001 |
|
| 852 |
_aES-MaACL _jT-363-F-2 _z- Enc. hol. _z. - Dedicatoria autógrafa del autor _q- Falto de cub. original _z- Enc. en un vol. facticio |
||
| 852 |
_aES-MaACL _jFol-Laf-422 _z- Rúst. _z. - Legado de Modesto de la Fuente |
||
| 856 |
_uhttp://bdh-rd.bne.es/viewer.vm?id=0000246959&page=1 _zBiblioteca Digital Hispánica |
||
| 999 |
_c162062 _d162062 |
||